00477nam a2200205Ia 450000500170000000800460001702000180006303700100008104000080009104000080009904000080010704100080011504100080012308400080013124500280013926000310016726000090019865000150020785600490022220260306150400.0008 260114s9999 xx 000 0 eng d a9780691234922 aEbook aCRL beng cCRL 2eng aeng qCRL 0aParables of Kierkegaard bPrinceton University Press c1978 aPhilosophy uhttps://www.degruyter.com/isbn/9780691234922